000 00231 a2200109 4500
001 66876
082 _a891.4393 ASL
090 _c38582
_d38582
100 _aAlam Rai
245 _aAkhari Hassar
260 _bMaktaba Al-Querash
942 _aNUST-CAE
_k891.4393 ASL
999 _c301949
_d301949